<?xml version="1.0" encoding="UTF-8"?>
<record
    xmlns:xsi="http://www.w3.org/2001/XMLSchema-instance"
    xsi:schemaLocation="http://www.loc.gov/MARC21/slim http://www.loc.gov/standards/marcxml/schema/MARC21slim.xsd"
    xmlns="http://www.loc.gov/MARC21/slim">

  <leader>01328nam0a2200337   4500</leader>
  <controlfield tag="001">RU\NLR\bibl\214798</controlfield>
  <controlfield tag="005">20250619102124.0</controlfield>
  <datafield tag="010" ind1=" " ind2=" ">
    <subfield code="a">5-8069-0042-8</subfield>
    <subfield code="9">2500</subfield>
  </datafield>
  <datafield tag="020" ind1=" " ind2=" ">
    <subfield code="a">RU</subfield>
    <subfield code="b">01-21701</subfield>
    <subfield code="9">&#x41A;&#x43D;&#x438;&#x436;&#x43D;&#x430;&#x44F; &#x43B;&#x435;&#x442;&#x43E;&#x43F;&#x438;&#x441;&#x44C;</subfield>
  </datafield>
  <datafield tag="021" ind1=" " ind2=" ">
    <subfield code="a">RU</subfield>
    <subfield code="b">2001-4413</subfield>
    <subfield code="9">218</subfield>
  </datafield>
  <datafield tag="035" ind1=" " ind2=" ">
    <subfield code="a">(NLR Aleph) 000210934</subfield>
  </datafield>
  <datafield tag="090" ind1=" " ind2=" ">
    <subfield code="a">1224353</subfield>
    <subfield code="c">1224353</subfield>
  </datafield>
  <datafield tag="100" ind1=" " ind2=" ">
    <subfield code="a">20011206d2000    |||y0rusy50      ca</subfield>
  </datafield>
  <datafield tag="101" ind1="0" ind2=" ">
    <subfield code="a">rus</subfield>
  </datafield>
  <datafield tag="102" ind1=" " ind2=" ">
    <subfield code="a">RU</subfield>
  </datafield>
  <datafield tag="105" ind1=" " ind2=" ">
    <subfield code="a">a   |||||||||</subfield>
  </datafield>
  <datafield tag="200" ind1="1" ind2=" ">
    <subfield code="a">&#x422;&#x43E;&#x43F;&#x43B;&#x438;&#x432;&#x43D;&#x430;&#x44F; &#x441;&#x438;&#x441;&#x442;&#x435;&#x43C;&#x430; &#x434;&#x438;&#x437;&#x435;&#x43B;&#x44C;&#x43D;&#x44B;&#x445; &#x434;&#x432;&#x438;&#x433;&#x430;&#x442;&#x435;&#x43B;&#x435;&#x439;</subfield>
    <subfield code="e">&#x420;&#x44F;&#x434;&#x43D;&#x44B;&#x435; &#x422;&#x41D;&#x412;&#x414;. &#x420;&#x430;&#x441;&#x43F;&#x440;&#x435;&#x434;&#x435;&#x43B;&#x438;&#x442;. &#x422;&#x41D;&#x412;&#x414;</subfield>
    <subfield code="e">&#x423;&#x441;&#x442;&#x440;&#x43E;&#x439;&#x441;&#x442;&#x432;&#x43E;. &#x41F;&#x440;&#x438;&#x43D;&#x446;&#x438;&#x43F; &#x434;&#x435;&#x439;&#x441;&#x442;&#x432;&#x438;&#x44F;. &#x420;&#x435;&#x433;&#x443;&#x43B;&#x438;&#x440;&#x43E;&#x432;&#x43A;&#x438;. &#x420;&#x435;&#x43C;&#x43E;&#x43D;&#x442;</subfield>
    <subfield code="e">&#x41F;&#x440;&#x430;&#x43A;&#x442;. &#x440;&#x443;&#x43A;</subfield>
    <subfield code="f">[&#x421;. &#x410;&#x444;&#x43E;&#x43D;&#x438;&#x43D;]</subfield>
  </datafield>
  <datafield tag="210" ind1=" " ind2=" ">
    <subfield code="a">&#x411;&#x430;&#x442;&#x430;&#x439;&#x441;&#x43A;</subfield>
    <subfield code="c">&#x41F;&#x41E;&#x41D;&#x427;&#x438;&#x41A;</subfield>
    <subfield code="d">2000</subfield>
  </datafield>
  <datafield tag="215" ind1=" " ind2=" ">
    <subfield code="a">136 &#x441;.</subfield>
    <subfield code="c">&#x438;&#x43B;.</subfield>
    <subfield code="d">20</subfield>
  </datafield>
  <datafield tag="606" ind1="0" ind2=" ">
    <subfield code="a">&#x410;&#x432;&#x442;&#x43E;&#x43C;&#x43E;&#x431;&#x438;&#x43B;&#x44C;&#x43D;&#x44B;&#x435; &#x434;&#x432;&#x438;&#x433;&#x430;&#x442;&#x435;&#x43B;&#x438; &#x414;&#x438;&#x437;&#x435;&#x43B;&#x44F;</subfield>
    <subfield code="j">&#x420;&#x443;&#x43A;&#x43E;&#x432;&#x43E;&#x434;&#x441;&#x442;&#x432;&#x430;, &#x43F;&#x43E;&#x441;&#x43E;&#x431;&#x438;&#x44F; &#x438; &#x442;.&#x43F;.</subfield>
    <subfield code="x">&#x422;&#x43E;&#x43F;&#x43B;&#x438;&#x432;&#x43D;&#x430;&#x44F; &#x430;&#x43F;&#x43F;&#x430;&#x440;&#x430;&#x442;&#x443;&#x440;&#x430;</subfield>
    <subfield code="9">889566</subfield>
    <subfield code="3">RU\NLR\auth\661177</subfield>
  </datafield>
  <datafield tag="675" ind1=" " ind2=" ">
    <subfield code="a">621.431.73-843.6-6</subfield>
    <subfield code="v">3</subfield>
    <subfield code="z">rus</subfield>
  </datafield>
  <datafield tag="686" ind1=" " ind2=" ">
    <subfield code="a">55</subfield>
    <subfield code="2">rugasnti</subfield>
  </datafield>
  <datafield tag="686" ind1=" " ind2=" ">
    <subfield code="a">39.354</subfield>
    <subfield code="2">rubbk</subfield>
  </datafield>
  <datafield tag="686" ind1=" " ind2=" ">
    <subfield code="a">&#x41E;354-044.2&#x44F;7</subfield>
  </datafield>
  <datafield tag="702" ind1=" " ind2="1">
    <subfield code="a">&#x410;&#x444;&#x43E;&#x43D;&#x438;&#x43D;</subfield>
    <subfield code="b">&#x421;.</subfield>
    <subfield code="4">220</subfield>
  </datafield>
  <datafield tag="801" ind1=" " ind2="0">
    <subfield code="a">RU</subfield>
    <subfield code="b">RKP</subfield>
    <subfield code="c">20011206</subfield>
    <subfield code="g">PSBO</subfield>
  </datafield>
  <datafield tag="801" ind1=" " ind2="1">
    <subfield code="a">RU</subfield>
    <subfield code="b">RKP</subfield>
    <subfield code="c">20011206</subfield>
  </datafield>
  <datafield tag="801" ind1=" " ind2="2">
    <subfield code="a">RU</subfield>
    <subfield code="b">NLR</subfield>
    <subfield code="c">20020723</subfield>
    <subfield code="g">rcr</subfield>
  </datafield>
  <datafield tag="942" ind1=" " ind2=" ">
    <subfield code="c">BOOK</subfield>
  </datafield>
  <datafield tag="980" ind1=" " ind2=" ">
    <subfield code="a">NB</subfield>
  </datafield>
  <datafield tag="995" ind1=" " ind2=" ">
    <subfield code="5">2001-12-20</subfield>
    <subfield code="a">ad</subfield>
    <subfield code="b">NLR01</subfield>
    <subfield code="c">NLR01</subfield>
    <subfield code="e">RF8</subfield>
    <subfield code="f">202016</subfield>
    <subfield code="k">2001-3/20437</subfield>
    <subfield code="o">0</subfield>
    <subfield code="r">BOOK</subfield>
    <subfield code="s">2001320437_</subfield>
  </datafield>
  <datafield tag="995" ind1=" " ind2=" ">
    <subfield code="5">2001-12-20</subfield>
    <subfield code="a">ad</subfield>
    <subfield code="b">NLR01</subfield>
    <subfield code="c">NLR01</subfield>
    <subfield code="e">RF8</subfield>
    <subfield code="f">202017</subfield>
    <subfield code="k">2001-3/20437</subfield>
    <subfield code="o">0</subfield>
    <subfield code="r">BOOK</subfield>
    <subfield code="s">2001320437_</subfield>
  </datafield>
</record>
